| 000 | 01059nam a22002537a 4500 | ||
|---|---|---|---|
| 005 | 20110913152830.0 | ||
| 008 | 110913t xxu||||| |||| 00| 0 mar d | ||
| 010 | _aMAR-21384 | ||
| 020 | _c260.00 | ||
| 035 | _aMR-14042 | ||
| 037 | _bDBAD/PUB | ||
| 040 |
_aDPL _bMR |
||
| 082 | _a891.463 | ||
| 100 |
_934729 _aमेहता,शशिकला |
||
| 245 |
_aतुळसा / _cशशिकला मेहता |
||
| 246 |
_aTulsa _bby Shashikala Mehta |
||
| 260 |
_aपुणे _bनवल प्रकाशन _c2011 |
||
| 270 |
_bपुणे _a८७,सुकृती अपार्टमेंट,पर्वती गाव, _e411009 |
||
| 300 |
_a264पृ. _c18सेमी(अजिल्द) |
||
| 650 |
_aमराठी कादंबरी _934825 |
||
| 650 |
_aMarathi Fiction _934826 |
||
| 942 |
_2ddc _cMR _mमेहता _h891.463 |
||
| 999 |
_c56948 _d56948 |
||